000 00359cam a22001337a 4500
008 180718b1959 xxu||||| |||| 00| 0 eng d
082 _aG93x42 J235
100 _aJames, Philip S.
245 _aIntroduction to English law
_cby Philip S. James
250 _a4th ed.
260 _aLondon
_bButterworth
_c1959
300 _a486p.
650 _aLaw - United Kingdom
999 _c370810
_d370810